MARC details
| 000 -CABECERA |
| campo de control de longitud fija |
01361nam a2200193 a 4500 |
| 005 - FECHA Y HORA DE LA ÚLTIMA TRANSACCIÓN |
| campo de control |
20230209063817.0 |
| 008 - ELEMENTOS DE LONGITUD FIJA--INFORMACIÓN GENERAL |
| campo de control de longitud fija |
991125s1972 chi 000 0 spa u |
| 035 ## - NÚMERO DE CONTROL DEL SISTEMA |
| Número de control de sistema |
UPN01000044352 |
| 049 ## - COLECCIÓN |
| Colección |
AV |
| 099 ## - CLASIFICACIÓN LOCAL |
| Clasificación local |
PVI B 0680 |
| 245 03 - MENCIÓN DE TÍTULO |
| Título |
La persona más importante |
| 260 ## - PUBLICACIÓN, DISTRIBUCIÓN, ETC. |
| Lugar de publicación, distribución, etc. |
Chicago, [EUA] : |
| Nombre del editor, distribuidor, etc. |
Encyclopaedia Britannica, |
| Fecha de publicación, distribución, etc. |
1972. |
| 300 ## - DESCRIPCIÓN FÍSICA |
| Extensión |
1 videocasete (VHS) (44 min.) |
| 505 8# - NOTA DE CONTENIDO CON FORMATO PREESTABLECIDO |
| Nota de contenido con formato |
Contenido: |
| Título |
Yo soy el único yo (4 min.) -- |
| -- |
¿Qué lugar ocupas en tu familia? (4 min.) -- |
| -- |
¿Cómo somos? (4 min.) -- |
| -- |
¿Qué quieres ser? (4 min.) -- |
| -- |
Cada familia es algo especial (4 min.) -- |
| -- |
La persona más importante (4 min.) -- |
| -- |
¡Cometí un error! (4 min.) -- |
| -- |
Me siento solo (4 min.) -- |
| -- |
¿Por qué no pruebas? (14 min.) -- |
| -- |
Podemos hacerlo (4 min.) -- |
| -- |
No es muy divertido estar enojado -- |
| -- |
Parece que a mí nada me sale bien (4 min.) |
| 520 ## - NOTA DE RESUMEN, ETC. |
| Sumario, etc. |
A través de pequeñas historias de dibujos animados se muestra a los niños que cada uno de ellos es la persona más importante, aún con sus diferencias físicas, sus cualidades y sus habilidades e inculcándoles la autoestima. Así como también a superar diferentes situaciones y aprender a controlar sus emociones |
| 650 #4 - ASIENTO SECUNDARIO DE MATERIA - TERMINO TEMATICO |
| Término de materia o nombre geográfico como elemento de entrada |
Autoestima |
| 9 (RLIN) |
2906 |
| 710 2# - ASIENTO SECUNDARIO - NOMBRE CORPORATIVO |
| Nombre de entidad corporativa o nombre de jurisdicción como elemento de entrada |
Sutherland Learning Associates founded by the office of child developed, Department of healt education and Welfore |
| 905 ## - TIPO DE MATERIAL |
| Tipo de material |
Audiovisuales |